[Event "Fouesnant op 12th"]
[Site "Fouesnant"]
[Date "2006.11.01"]
[Round "6"]
[White "Mailliet, Gwenael"]
[Black "Luco, Alain"]
[Result "0-1"]
[WhiteElo "1783"]
[BlackElo "2125"]
[PlyCount "122"]
[EventDate "2006.10.28"]
[EventType "swiss"]
[EventRounds "9"]
[EventCountry "FRA"]
[SourceTitle "EXT 2008"]
[Source "ChessBase"]
[SourceDate "2007.11.25"]
[SourceVersion "1"]
[SourceVersionDate "2007.11.25"]
[SourceQuality "1"]

1. d4 Nf6 2. c4 c5 3. d5 b5 4. cxb5 a6 5. bxa6 g6 6. Nc3 Bxa6 7. e4 Bxf1 8. Kxf1 d6 9. Nf3 Nbd7 10. g3 Bg7 11. Kg2 0-0 12. h3 Qb6 13. Rb1 Rfb8 14. Qc2 Ne8 15. Bg5 Nc7 16. a4 h6 17. Bd2 Qb3 18. Qxb3 Rxb3 19. Rhc1 Nb6 20. Nb5 Nxb5 21. axb5 Ra2 22. Bc3 Rxb5 23. Ra1 Rxa1 24. Rxa1 Nc4 25. Ra8+ Kh7 26. Ra7 Nxb2 27. Bxg7 Kxg7 28. Rxe7 Nd3 29. e5 dxe5 30. d6 Kf6 31. Nd2 Rb4 32. Rc7 Rd4 33. f3 Nf4+ 34. gxf4 Rxd2+ 35. Kg3 exf4+ 36. Kxf4 Rxd6 37. Rxc5 Rd4+ 38. Kg3 g5 39. Rc6+ Kg7 40. Rb6 h5 41. Rb2 h4+ 42. Kg2 Kg6 43. Kf2 Kf5 44. Ke3 Rd1 45. Rb5+ Kg6 46. f4 gxf4+ 47. Kxf4 Rd4+ 48. Kf3 f5 49. Rb3 Kg5 50. Ra3 Rd2 51. Ra8 Rd3+ 52. Kg2 Rg3+ 53. Kh2 Re3 54. Ra4 Re2+ 55. Kg1 Re4 56. Rxe4 fxe4 57. Kg2 Kf4 58. Kf2 e3+ 59. Ke2 Ke4 60. Ke1 Kf3 61. Kf1 Kg3 0-1

[Event "Fouesnant op 12th"]
[Site "Fouesnant"]
[Date "2006.10.30"]
[Round "4"]
[White "Mailliet, Gwenael"]
[Black "Le Moy, Patrick"]
[Result "1-0"]
[WhiteElo "1783"]
[BlackElo "2032"]
[PlyCount "105"]
[EventDate "2006.10.28"]
[EventType "swiss"]
[EventRounds "9"]
[EventCountry "FRA"]
[SourceTitle "EXT 2008"]
[Source "ChessBase"]
[SourceDate "2007.11.25"]
[SourceVersion "1"]
[SourceVersionDate "2007.11.25"]
[SourceQuality "1"]

1. d4 Nf6 2. c4 e6 3. Nc3 Bb4 4. Qc2 d5 5. a3 Bxc3+ 6. bxc3 dxc4 7. Qa4+ c6 8. Qxc4 0-0 9. Bg5 Nbd7 10. f3 Qa5 11. Bd2 Qc7 12. a4 a5 13. e4 b6 14. Nh3 e5 15. Qb3 Re8 16. Bc4 Nf8 17. Ng5 Ne6 18. Nxe6 Bxe6 19. Bxe6 Rxe6 20. Rb1 Rb8 21. 0-0 Nh5 22. g4 Nf4 23. Bxf4 exf4 24. Rf2 Rh6 25. c4 Rh3 26. Kg2 Rh4 27. h3 Qd6 28. Qc3 h5 29. Rff1 Qf6 30. Rb3 hxg4 31. fxg4 Qg6 32. Qf3 Qd6 33. Qxf4 Qd8 34. Qxf7+ Kh8 35. Qf2 Rh6 36. Rf3 Qe7 37. Rf8+ Rxf8 38. Qxf8+ Qxf8 39. Rxf8+ Kh7 40. Rb8 Rd6 41. d5 cxd5 42. cxd5 Kg6 43. Kg3 Kf6 44. h4 Ke5 45. Re8+ Kd4 46. Re6 Kc5 47. Kf3 b5 48. Ke2 bxa4 49. Kd1 Rxe6 50. dxe6 Kd6 51. h5 Kxe6 52. g5 Kf7 53. Kc2 1-0

[Event "Angers op 1st"]
[Site "Angers"]
[Date "2006.05.08"]
[Round "6"]
[White "Mailliet, Gwenael"]
[Black "Varlet, Nicolas"]
[Result "0-1"]
[WhiteElo "1870"]
[BlackElo "2156"]
[PlyCount "78"]
[EventDate "2006.05.06"]
[EventType "swiss"]
[EventRounds "6"]
[EventCountry "FRA"]
[SourceTitle "EXT 2007"]
[Source "ChessBase"]
[SourceDate "2006.11.23"]
[SourceVersion "1"]
[SourceVersionDate "2006.11.23"]
[SourceQuality "1"]

1. d4 Nf6 2. Nf3 g6 3. c4 Bg7 4. Nc3 d5 5. cxd5 Nxd5 6. e4 Nxc3 7. bxc3 0-0 8. Be3 c5 9. Qd2 Qa5 10. Rb1 a6 11. Rc1 Rd8 12. h3 e6 13. Be2 cxd4 14. cxd4 Qxd2+ 15. Kxd2 Nc6 16. Kc3 Bd7 17. Rhd1 Na5 18. Kd2 Ba4 19. Re1 Nc6 20. Bd1 Bxd1 21. Rexd1 Nxd4 22. Nxd4 Bxd4 23. Bxd4 Rxd4+ 24. Ke3 Ra4 25. Rc2 Kg7 26. Rd7 b5 27. f3 g5 28. Kd2 Ra3 29. Kc1 b4 30. Kb2 a5 31. Rcc7 Rf8 32. Ra7 Kf6 33. Rdb7 h5 34. Rb5 Rd8 35. Rbxa5 Rd2+ 36. Kc1 Rdxa2 37. Rxa3 bxa3 38. Kb1 Rxg2 39. Rxa3 Rg3 0-1

[Event "Angers op 1st"]
[Site "Angers"]
[Date "2006.05.07"]
[Round "4"]
[White "Mailliet, Gwenael"]
[Black "Bruneteau, Damien"]
[Result "1-0"]
[WhiteElo "1870"]
[BlackElo "1580"]
[PlyCount "51"]
[EventDate "2006.05.06"]
[EventType "swiss"]
[EventRounds "6"]
[EventCountry "FRA"]
[SourceTitle "EXT 2007"]
[Source "ChessBase"]
[SourceDate "2006.11.23"]
[SourceVersion "1"]
[SourceVersionDate "2006.11.23"]
[SourceQuality "1"]

1. d4 Nf6 2. c4 g6 3. Nc3 Bg7 4. e4 d6 5. Nf3 0-0 6. Be2 c5 7. d5 e5 8. 0-0 Bg4 9. Ne1 Qd7 10. f3 Bh5 11. g4 Na6 12. Nd3 Nc7 13. a4 a6 14. a5 h6 15. gxh5 Nxh5 16. Qe1 f5 17. f4 exf4 18. Nxf4 Bd4+ 19. Kg2 Nf6 20. Nxg6 Qg7 21. exf5 Kh7 22. Qg3 Rg8 23. Rf4 Nd7 24. Rh4 Qf6 25. Bxh6 Rg7 26. Bg5+ 1-0

[Event "Angers op 1st"]
[Site "Angers"]
[Date "2006.05.06"]
[Round "2"]
[White "Mailliet, Gwenael"]
[Black "Templier, Benoit"]
[Result "1-0"]
[WhiteElo "1870"]
[BlackElo "1620"]
[PlyCount "33"]
[EventDate "2006.05.06"]
[EventType "swiss"]
[EventRounds "6"]
[EventCountry "FRA"]
[SourceTitle "EXT 2007"]
[Source "ChessBase"]
[SourceDate "2006.11.23"]
[SourceVersion "1"]
[SourceVersionDate "2006.11.23"]
[SourceQuality "1"]

1. d4 e6 2. c4 Nf6 3. Nc3 Bb4 4. Qc2 0-0 5. a3 Bxc3+ 6. Qxc3 d5 7. Bg5 Nbd7 8. Nf3 c6 9. e3 Qc7 10. Bf4 Qd8 11. Bd3 Ne4 12. Qc2 f5 13. 0-0 Qe7 14. b4 Ndf6 15. h3 Bd7 16. c5 h6 17. Ne5 1-0

[Event "Fouesnant op 11th"]
[Site "Fouesnant"]
[Date "2005.10.26"]
[Round "6"]
[White "Roche, Yves"]
[Black "Mailliet, Gwenael"]
[Result "1/2-1/2"]
[WhiteElo "2071"]
[BlackElo "1790"]
[PlyCount "95"]
[EventDate "2005.10.22"]
[EventType "swiss"]
[EventRounds "9"]
[EventCountry "FRA"]
[SourceTitle "EXT 2007"]
[Source "ChessBase"]
[SourceDate "2006.11.23"]
[SourceVersion "1"]
[SourceVersionDate "2006.11.23"]
[SourceQuality "1"]

1. d4 Nf6 2. Nf3 g6 3. Nc3 d5 4. Bg5 Ne4 5. Nxe4 dxe4 6. Ng1 Bg7 7. c3 Qd5 8. Qd2 c5 9. dxc5 Qxc5 10. 0-0-0 Nc6 11. Qd5 Qxd5 12. Rxd5 Be6 13. Rb5 b6 14. e3 Bxa2 15. Ne2 Bc4 16. Ng3 Bxb5 17. Bxb5 Rc8 18. Nxe4 0-0 19. Nd2 Rfe8 20. Nb3 h6 21. Bh4 g5 22. Bg3 Red8 23. Ba6 Kf8 24. Bxc8 Rxc8 25. Rd1 Ke8 26. f3 Rd8 27. e4 Rxd1+ 28. Kxd1 Be5 29. Kc2 Bxg3 30. hxg3 e6 31. Kd3 f6 32. Nc1 a6 33. b3 Ke7 34. f4 h5 35. Ne2 Kd6 36. b4 h4 37. gxh4 gxh4 38. Ng1 Ne7 39. Nf3 Ng6 40. Ke3 f5 41. e5+ Kd5 42. Nd2 b5 43. Nf3 Kc4 44. Kd2 Nxf4 45. Nxh4 Nd5 46. Ng6 Nxc3 47. Nf8 Ne4+ 48. Ke3 1/2-1/2